|
|
|
|
| LEADER |
02066nam a22003974a 4500 |
| 001 |
EBC468009 |
| 003 |
MiAaPQ |
| 005 |
20200520144314.0 |
| 006 |
m o d | |
| 007 |
cr cn||||||||| |
| 008 |
070126s2007 ne sb 001 0 eng d |
| 010 |
|
|
|z 2007271361
|
| 020 |
|
|
|z 9789004154629
|
| 020 |
|
|
|z 9004154620
|
| 035 |
|
|
|a (MiAaPQ)EBC468009
|
| 035 |
|
|
|a (Au-PeEL)EBL468009
|
| 035 |
|
|
|a (CaPaEBR)ebr10234910
|
| 035 |
|
|
|a (CaONFJC)MIL145775
|
| 035 |
|
|
|a (OCoLC)427510969
|
| 040 |
|
|
|a MiAaPQ
|c MiAaPQ
|d MiAaPQ
|
| 050 |
|
4 |
|a K1770
|b .C73 2007
|
| 100 |
1 |
|
|a Craig, Ronald L.
|
| 245 |
1 |
0 |
|a Systemic discrimination in employment and the promotion of ethnic equality
|h [electronic resource] /
|c by Ronald Craig.
|
| 260 |
|
|
|a Leiden ;
|a Boston :
|b Martinus Nijhoff,
|c c2007.
|
| 300 |
|
|
|a xii, 327 p.
|
| 490 |
1 |
|
|a International studies in human rights ;
|v v. 91
|
| 504 |
|
|
|a Includes bibliographical references and index.
|
| 505 |
0 |
|
|a The concept of discrimination -- Systemic discrimination in employment -- The limits of complaint-based approaches in addressing systemic discrimination in employment -- Ethnic equality in employment -- Proactive obligations to promote equality in employment : an introduction -- Statutory-based proactive obligations to promote equality in employment : five approaches -- Contract-based proactive obligations to promote equality in employment : four approaches -- A rational government policy response to systemic ethnic discrimination in employment.
|
| 533 |
|
|
|a Electronic reproduction. Ann Arbor, MI : ProQuest, 2015. Available via World Wide Web. Access may be limited to ProQuest affiliated libraries.
|
| 650 |
|
0 |
|a Discrimination in employment
|x Law and legislation.
|
| 650 |
|
0 |
|a Race discrimination
|x Law and legislation.
|
| 650 |
|
0 |
|a Race discrimination
|x Government policy.
|
| 655 |
|
4 |
|a Electronic books.
|
| 710 |
2 |
|
|a ProQuest (Firm)
|
| 830 |
|
0 |
|a International studies in human rights ;
|v v. 91.
|
| 856 |
4 |
0 |
|u https://ebookcentral.proquest.com/lib/matrademy/detail.action?docID=468009
|z Click to View
|